000 00485nam a2200181Ia 4500
001 24695
005 20260414151100.0
008 260414t2010||||xx |||||||||||||| ||spa||
041 _aESP
082 _a345.721
_bZ21
100 _aZambrana Tévar, Nicolás
_eAUT
245 0 _aLa determinación del derecho aplicable al fondo en el arbitraje de inversiones
_b
260 _c2010
300 _a584 páginas :
_c21cm.
650 _aDER
654 _aCDE
942 _cLIB
_dJUS
_fJUS
_2ddc
_n
999 _c24695
_d24695